000 00566nam a22001937a 4500
003 ARRUPE
005 20251022120336.0
008 251022b |||||||| |||| 00| 0 eng d
040 _cAJU
050 _aRC460.S94 2024
100 _aPransky, George S.
_952937
245 _aThe secret to mental health
_ban operating manual for the human mind
_cGeorge S. Pransky
260 _bPransky an associates
_c2024
300 _3Book
_bN/A
_c22cm.
300 _axiv, 260pages. ;
650 _aMenatl health
_952938
650 _aHuman mind
_952939
942 _2lcc
_cMONOGRAPH
999 _c131975
_d131975